<?xml version="1.0" encoding="UTF-8"?>
<record
    xmlns:xsi="http://www.w3.org/2001/XMLSchema-instance"
    xsi:schemaLocation="http://www.loc.gov/MARC21/slim http://www.loc.gov/standards/marcxml/schema/MARC21slim.xsd"
    xmlns="http://www.loc.gov/MARC21/slim">

  <leader>01857nam a2200169 a 4500</leader>
  <datafield tag="020" ind1=" " ind2=" ">
    <subfield code="a">0894991809 (paperback)</subfield>
  </datafield>
  <datafield tag="020" ind1=" " ind2=" ">
    <subfield code="a">9780894991806 (paperback)</subfield>
  </datafield>
  <datafield tag="082" ind1=" " ind2=" ">
    <subfield code="a">581.652 MAK</subfield>
  </datafield>
  <datafield tag="100" ind1="1" ind2=" ">
    <subfield code="a">Council, National Research.</subfield>
  </datafield>
  <datafield tag="245" ind1="1" ind2="0">
    <subfield code="a">Making aquatic weeds useful :</subfield>
  </datafield>
  <datafield tag="260" ind1=" " ind2=" ">
    <subfield code="a">[S.l.] :</subfield>
    <subfield code="b">Books for Business,</subfield>
    <subfield code="c">2002.</subfield>
  </datafield>
  <datafield tag="300" ind1=" " ind2=" ">
    <subfield code="a">184 p. ;</subfield>
  </datafield>
  <datafield tag="520" ind1=" " ind2=" ">
    <subfield code="a">This National Academy of Sciences report describes ways to exploit aquatic weeds for grazing, and by harvesting and processing for use as compost, animal feed, pulp, paper, and fuel. The book also describes utilization for sewage and industrial wastewater. Aquatic weeks have always existed, but in recent decades their effects have been magnified by man&#x2019;s more intensive use of natural water bodies - his modifying them into canals and dams, polluting them with farm and city wastewaters, and introducing aggressive plant species into new locations. These plants, among the most prolific on earth, grow luxuriantly in the tropics, weigh hundreds of tons per hectare, and can be a serious hindrance to a nation&#x2019;s development efforts. Eradication of the weeds has proved impossible, and even reasonable control is difficult. Turning these weeds to productive use would be desirable, but only limited research has been carried out. This report examines methods for controlling aquatic weeds and using them to best advantage, especially those methods that show promise for less-developed countries. It emphasizes techniques for converting weeds for feed, food, feritlizer, and energy production. It examines, for example, biological control techniques in which herbivorous tropical animals (fish, waterfowl, rodents, and other mammals) convert the troublesome plants directly to me</subfield>
  </datafield>
  <datafield tag="650" ind1=" " ind2=" ">
    <subfield code="a">aquatic weeds</subfield>
  </datafield>
  <datafield tag="856" ind1=" " ind2=" ">
    <subfield code="u">http://www.amazon.com/exec/obidos/ASIN/0894991809/chopaconline</subfield>
  </datafield>
  <datafield tag="942" ind1=" " ind2=" ">
    <subfield code="c">BK</subfield>
  </datafield>
  <datafield tag="999" ind1=" " ind2=" ">
    <subfield code="c">1782</subfield>
    <subfield code="d">1782</subfield>
  </datafield>
  <datafield tag="952" ind1=" " ind2=" ">
    <subfield code="0">0</subfield>
    <subfield code="1">0</subfield>
    <subfield code="7">0</subfield>
    <subfield code="8">REF</subfield>
    <subfield code="a">IC</subfield>
    <subfield code="b">IC</subfield>
    <subfield code="c">FIC</subfield>
    <subfield code="d">2015-08-01</subfield>
    <subfield code="l">0</subfield>
    <subfield code="o">581.652 MAK</subfield>
    <subfield code="p">002692</subfield>
    <subfield code="r">2022-11-17 00:00:00</subfield>
    <subfield code="w">2015-08-01</subfield>
    <subfield code="y">BK</subfield>
  </datafield>
</record>
